000 01211nam a2200265 a 4500
001 69239
003 BD-RjUL
005 20211209081849.0
008 170410s1998 ii a b 001 0 eng d
020 _a8120411544 :
035 _a(BD-RjUL)69450
040 _aDLC
_cDLC
_dBD-RjUL
_beng
041 _aeng
082 _223
_a660.65
_bREC 1998
245 0 0 _aRecent advances in marine biotechnology /
_cMilton Fingerman, Rachakonda Nagabhushanam and Mary-Frances Thompson
260 _aNew Delhi :
_bOxford and IBH Pub. Co.,
_c1998.
300 _aV. :
_bill. ;
_c24 cm.
504 _aIncludes bibliography and index.
505 1 _aV.-2--Environmental Marine Biotechnology.--v. 3. Biofilms, bioadhesion, corrosion, and biofouling -- v. 4. Aquaculture-- v. 5. Immunobiology and pathology -- v. 6. Bio-organic compounds : chemistry and biomedical applications-- v. 7. Seafood safety and human health -- v. 8. Bioremediation -- v. 9. Biomaterials and bioprocessing -- v. 10. Molecular genetics of marine organisms.
650 _aGenetic engineering
_9205128
700 1 _aFingerman, Milton
_9205129
700 1 _aNagabhushanam, Rachakonda.
_9205130
700 1 _aThompson, Mary-Frances
_9205131
942 _2ddc
_cBK
999 _c69239
_d69239